| 000 | 01116nam a2200337 a 4500 | ||
|---|---|---|---|
| 001 | 000110214 | ||
| 003 | CHAP | ||
| 005 | 20220329144122.0 | ||
| 008 | 140801s2011 mx a |r| |||0|||spa d | ||
| 010 | _a106676 | ||
| 011 | _a107648 | ||
| 020 | _a9786077510925 | ||
| 040 | _cCHAP | ||
| 082 | 0 | 4 |
_a333.20972750904 _bE77 |
| 100 | 1 |
_aEsponda Jimeno, Víctor Manuel _9127654 |
|
| 245 | 1 | 4 |
_aDe la estancia de ganado mayor al ejido cardenista : _bProcesos históricos de producción y reproducción sociales / _cpor Víctor Manuel Esponda Jimeno. |
| 260 |
_aChiapas, México : _bUNICACH, _c2011. |
||
| 300 |
_a339 p. : _bil. |
||
| 490 | 0 | _aColección Selva Negra | |
| 504 | _aIncluye bibliografía | ||
| 590 |
_aE11695DGD _b10 _c20140804 _lUCH01 _h0852 |
||
| 590 |
_aE5652GLJ _b05 _c20140801 _lUCH01 _h1449 |
||
| 650 | 1 | 4 |
_aChiapas _xCondiciones rurales. _922226 |
| 650 | 1 | 4 |
_aChiapas _xCondiciones sociales. _922227 |
| 650 | 1 | 4 |
_aChiapas _xVida social y costrumbres. _922239 |
| 650 | 1 | 4 |
_aEtnología _xChiapas. _938656 |
| 830 | 0 |
_aColección Selva Negra _9127619 |
|
| 901 | _aBK | ||
| 942 | _cLIBRO | ||
| 942 | _n0 | ||
| 999 |
_c106676 _d106676 |
||